| 000 | 01351nam a2200313 c 4500 | ||
|---|---|---|---|
| 003 | BLK | ||
| 005 | 20210402152707.0 | ||
| 008 | 180408b bul|||||r ||||||| ||bul|| | ||
| 010 | _aKNG00064173000 | ||
| 040 | _aBLK | ||
| 041 |
_aBUL _cBUL |
||
| 080 |
_aАвтомобили. Автомобилостроене _b629.113 _x(075.8) _z629.113(075.8) |
||
| 100 | 1 |
_aНайденов, Любен Кр. _eпърви автор _9289544 |
|
| 700 | 1 |
_aНейков, Светозар А. _eсъавт. _9289545 |
|
| 700 | 1 |
_aГенов, Гено Димитров _eсъавт. _9365308 |
|
| 139 |
_aНайденов, Любен Кр. и др. _bН 17 |
||
| 245 | 1 | 0 |
_aАвтомобили _bУчебник за студентите от ВТУЗ _cЛюбен Кр. Найденов; съавт. Светозар А. Нейков; съавт. Гено Димитров Генов. |
| 257 | _aBGR | ||
| 260 |
_аСофия _bТехника _c1990 _fВраца : В. Александров |
||
| 300 |
_a364 с. _bс табл., сх., диагр. _c25 см |
||
| 380 | _a62 | ||
| 500 | _aБиблиогр. с. 300 | ||
| 650 | 4 |
_aАвтомобили - теория и конструкция _9247492 |
|
| 852 | _aЦб 163007 | ||
| 856 | 4 |
_qpdf _u |
|
| 856 | 4 |
_qpdf _u |
|
| 942 |
_cKNG _n0 _01 |
||
| 944 |
_aCR _c13.06.2004 _kГеновева_Генчева |
||
| 944 |
_aED _c28.08.2015 _kГеновева_Генчева |
||
| 999 |
_c60043 _d60043 |
||